000 01557nam a2200289Ia 4500
008 191128s9999 xx 000 0 und d
020 _a9580408637
082 _a658 .409
082 _b I733q
100 _aIshikawa , Kaoru, autor
245 0 _a¿Qué es el control total de calidad? : la modalidad japonesa /
245 0 _cKaoru Ishikawa ; traducción del japonés al inglés por David J. Lu ; traducción Margarita Cárdenas
260 _aBarcelona ; Bogotá
260 _bNorma,
260 _c1986
300 _axix, 209 páginas
300 _b diagramas a blanco y negro
300 _c 23 cm
440 _aEmpresas y empresarios
500 _aIncluye índice. Incluye datos biográficos del autor en solapa.
505 _aMi encuentro con el control de calidad -- Características del control de calidad japonés -- La esencia del control de calidad -- La garantía de calidad -- El control total de calidad -- El CTC es una revolución conceptual en la gerencia -- Qué hacer y qué
520 _aEl doctor Kaoru Ishikawa, impulsador del proceso permanente de mejoramiento de la calidad en el Japón, nos presenta en este libro la filosofía y las experiencias japonesas en este campo y su posible adaptación en otros países.
534 _pWhat is total quality control? The japanese way
546 _aTraducido del inglés
650 _aCalidad total Control de calidad-- Japón Control de calidad-- Colombia--
799 _aJ. Lu, David, traductor ; Cárdenas, Margarita, traductora ; Salazar Marciales, Hugo, revisor
999 _c6162
_d6162